Jääkiekon SM-Liiga - Maskotit - Statistics

Yleistilastot
  • Tätä visaa on pelattu 273 kertaa
  • Keskiarvotulos 6 / 17
Vastaustilastot
Kuvavisa Hint Vastaus % Oikein
Pelicans Pekko Pelikaani
78%
Tappara Tapsu
70%
Ilves Ipa
65%
JYP Urho Myrsky
54%
KalPa Ruusteri
44%
TPS Jore Karhu
38%
HIFK Buli
37%
Jukurit Heimo
34%
Lukko Eetu Kettu
33%
KooKoo Topi Tiikeri
33%
HPK Hotsi
31%
Sport Redi
30%
Kärpät Peto
22%
Jokerit Otto
21%
Ässät Rysty Mesikämmen
20%
SaiPa Wiltsu
17%
Leijonat Finkey
13%
Ehtoja vastaavia visoja ei löytynyt
Tulosjakauma
Jokaisen tuloksen saaneiden osuus
Persentiili vastausten määrän mukaan
Tuloshistoriasi
Et ole pelannut tätä visaa